000
00317nam a22001457a 4500
008
210426b ||||| |||| 00| 0 eng d
020
_a
0080178685
041
_a
eng
080
_a
574
082
_a
574
100
_a
9
101
_a
MJE
245
_a
The Ecological Transition
_c
John W. Bennett
942
_2
udc
_c
BK
999
_c
56755
_d
56755